Programs Aired After The Super Bowl Quiz Stats

Quiz not verified by Sporcle

Challenge
Share
Tweet
Embed
Score 0/46 Timer 15:00
0 Plays Today
Super Bowl TV Show % Correct
XXXIIIThe Simpsons
65.6%
XXXIXThe Simpsons
65.6%
XXXFriends
53.1%
XLVGlee
53.1%
XLIIIThe Office
50%
XXXVSurvivor: The Australian Outback
43.8%
XXXVIIISurvivor All-Stars
43.8%
XLIVUndercover Boss
34.4%
XLVIThe Voice
34.4%
VI60 Minutes
31.3%
XIV60 Minutes
31.3%
XVI60 Minutes
31.3%
XXVI60 Minutes
31.3%
XLIIHouse
31.3%
XLGrey's Anatomy
28.1%
XIIAll In The Family
18.8%
XXXIThe X-Files
18.8%
XVIIThe A-Team
15.6%
XXIIThe Wonder Years
15.6%
XXIVThe Practice
15.6%
XXXVIIAlias
15.6%
XLICriminal Minds
15.6%
ILassie
12.5%
Super Bowl TV Show % Correct
IILocal Programming
12.5%
IVLassie
12.5%
XXXII3rd Rock From The Sun
12.5%
XXXVIMalcolm In The Middle
12.5%
XIThe Wonderful World Of Disney
9.4%
XXIXExtreme
9.4%
VIIILocal Programming
6.3%
XIIIBrothers and Sisters
6.3%
XV'CHiPs'
6.3%
XXIHard Copy
6.3%
XXVDavis Rules
6.3%
XXVIIHomicide: Life On The Street
6.3%
XXVIIIThe Good Life
6.3%
IIIG.E. College Bowl
3.1%
VBing Crosby Pro-Am Golf Tournament
3.1%
VIIMutual Of Omaha's Wild Kingdom
3.1%
IXNBC Nightly News
3.1%
XPhoenix Open Golf Tournament
3.1%
XVIIIAirwolf
3.1%
XIXMagruder and Loud
3.1%
XXThe Last Precinct
3.1%
XXIIIBrotherhood Of The Rose
3.1%
XXIVGrand Slam
3.1%

You're not logged in!

Compare scores with friends on all Sporcle quizzes.
Join for Free
OR
Log In

You Might Also Like...

Show Comments

Extras

Top Quizzes Today


Score Distribution

Your Account Isn't Verified!

In order to create a playlist on Sporcle, you need to verify the email address you used during registration. Go to your Sporcle Settings to finish the process.

Report this User

Report this user for behavior that violates our Community Guidelines.

Details: